000 01057nam a22003977a 4500
001 BR9700311
003 BR-BrBNA
005 20230928095506.0
007 ta
008 230509b bl.||||| |||| 00| 0 por d
040 _aBR-BrBNA
_bpor
_cBiblioteca Nacional de Agricultura
041 _a(Por)
072 _aF01; Q04; P36
090 _ F01 BR9700311
110 1 _aInstituto Campineiro de Ensino Agricola, Campinas, SP (Brasil)
_95945
245 1 _aAdministracao agricola
260 3 _aCampinas, SP (Brasil):
_c1969.
300 _a612 p.
650 _aSolo
650 _aMateria Organica
650 _aConservacao do Solo
650 _aAdubacao
650 _aEquipamento Agricola
650 _aBiologia Vegetal
650 _aHerbicida
650 _aRelacao Agua-Planta
650 _aGeada
650 _aCereal
650 _aLeguminosa com Grao
650 _aFruticultura
650 _aIndustria Alimenticia
650 _aAdministracao Rural
650 _aCooperativa
909 _a202309
_bLucia
_c55
_dLucia Elande
942 _cBK
999 _c56879
_d56879